Jesucristo / (Record no. 167357)
[ view plain ]
| 000 -LEADER | |
|---|---|
| campo de control de longitud fija | 00742nam a22002055i 4500 |
| 001 - NÚMERO DE CONTROL | |
| campo de control | 167357 |
| 003 - IDENTIFICADOR DE NÚMERO DE CONTROL | |
| campo de control | ES-MaACL |
| 005 - FECHA Y HORA DE LA ÚLTIMA TRANSACCIÓN | |
| campo de control | 20251013215537.0 |
| 008 - DATOS DE LONGITUD FIJA--INFORMACIÓN GENERAL | |
| campo de control de longitud fija | 940206s1894 sp a |||| | spa d |
| 040 ## - FUENTE DE CATALOGACIÓN | |
| Centro catalogador/agencia de origen | CAM |
| Lengua de catalogación | spa |
| 100 1# - ENTRADA PRINCIPAL--NOMBRE DE PERSONA | |
| Nombre de persona | Veuillot, Louis ( |
| Fechas asociadas al nombre | 1813-1883) |
| 9 (RLIN) | 133656 |
| 245 10 - MENCIÓN DEL TÍTULO | |
| Título | Jesucristo / |
| Mención de responsabilidad, etc. | por M. Louis Veuillot ; acompañado de un estudio sobre el arte cristiano por M.E. Cartier ; traduccion literaria bajo la direccion del Obispo de Areópolis ... |
| 250 ## - MENCION DE EDICION | |
| Mención de edición | 2ª ed. |
| 260 ## - PUBLICACIÓN, DISTRIBUCIÓN, ETC. | |
| Lugar de publicación, distribución, etc. | Madrid : |
| Nombre del editor, distribuidor, etc. | Viuda de Rodriguez, |
| Fecha de publicación, distribución, etc. | 1894. |
| 300 ## - DESCRIPCIÓN FÍSICA | |
| Extensión | 2 v. : |
| Otras características físicas | il. ; |
| Dimensiones | 30 cm. |
| 600 04 - PUNTO DE ACCESO ADICIONAL DE MATERIA--NOMBRE DE PERSONA | |
| Nombre de persona | Jesucristo. |
| 9 (RLIN) | 66361 |
| 700 1# - ENTRADA AGREGADA--NOMBRE PERSONAL | |
| Nombre de persona | Cartier, Étienne, |
| Fechas asociadas al nombre | 1813-1887 |
| 9 (RLIN) | 35897 |
| 852 ## - LOCALIZACIÓN | |
| Ubicación | ES-MaACL |
| Número de control de estantería | G-5216-17 |
| Nota libre | -- Enc. cart. |
| Estatus retirado | Estado de pérdida | Estado de daño | No para préstamo | Colección | Biblioteca de origen | Biblioteca actual | Ubicación en estantería | Fecha de adquisición | Total de préstamos | Signatura topográfica completa | Código de barras | Visto por última vez | Precio de reemplazo | Tipo de ítem Koha |
|---|---|---|---|---|---|---|---|---|---|---|---|---|---|---|
| Libros del s. XIX | Biblioteca del Ateneo de Madrid | Biblioteca del Ateneo de Madrid | Depósito 2 | 17/01/2008 | G-5216-17 | 1175565 | 23/02/2023 | 23/02/2023 | Libro impreso antiguo |
